Nommés au César du meilleur acteur - Statistiques

Statistiques générales
  • Ce quiz a été pris 367 fois
    241 depuis la dernière actualisation
  • Le résultat moyen est 175 sur 265
Statistiques - réponses
Année Film Acteur % Correct
2025 Le Comte de Monte-Cristo Pierre Niney
98%
2022 Boîte Noire Pierre Niney
98%
2017 Frantz Pierre Niney
98%
2015 Yves Saint Laurent Pierre Niney
98%
2023 Novembre Jean Dujardin
95%
2020 J'accuse Jean Dujardin
95%
2012 The Artist Jean Dujardin
95%
2007 OSS 117 : Le Caire, nid d'espions Jean Dujardin
95%
2024 Le Règne animal Romain Duris
92%
2019 Nos batailles Romain Duris
92%
2015 Une nouvelle amie Romain Duris
92%
2011 L'Arnacoeur Romain Duris
92%
2006 De battre mon coeur s'est arrêté Romain Duris
92%
2012 Intouchables Omar Sy
90%
2016 Valley of Love Gérard Depardieu
89%
2011 Mammuth Gérard Depardieu
89%
2007 Quand j'étais chanteur Gérard Depardieu
89%
1995 Le Colonel Chabert Gérard Depardieu
89%
1991 Cyrano de Bergerac Gérard Depardieu
89%
1990 Trop belle pour toi Gérard Depardieu
89%
1989 Camille Claudel Gérard Depardieu
89%
1988 Sous le soleil de Satan Gérard Depardieu
89%
1986 Police Gérard Depardieu
89%
1985 Fort Saganne Gérard Depardieu
89%
1984 Les Compères Gérard Depardieu
89%
1983 Danton Gérard Depardieu
89%
1981 Le Dernier Métro Gérard Depardieu
89%
1979 Le Sucre Gérard Depardieu
89%
1978 Dites-lui que je l'aime Gérard Depardieu
89%
1977 La Dernière Femme Gérard Depardieu
89%
1976 Sept morts sur ordonnance Gérard Depardieu
89%
2020 Hors Normes Vincent Cassel
89%
2016 Mon roi Vincent Cassel
89%
2009 L'instinct de mort et L'Ennemi public n°1 Vincent Cassel
89%
2002 Sur mes lèvres Vincent Cassel
89%
1996 La Haine Vincent Cassel
89%
2007 Prête-moi ta main Alain Chabat
87%
1998 Didier Alain Chabat
87%
1996 Gazon maudit Alain Chabat
87%
2018 Rock'n Roll Guillaume Canet
85%
2015 La prochaine fois je viserai le coeur Guillaume Canet
85%
2009 Versailles Guillaume Depardieu
85%
2017 Chocolat Omay Sy
85%
2025 Monsieur Aznavour Tahar Rahim
85%
2010 Un prophète Tahar Rahim
85%
1994 Les Visiteurs Christian Clavier
84%
2017 Médecin de campagne François Cluzet
84%
2012 Intouchables François Cluzet
84%
2010 A l'origine et Le Dernier pour la route François Cluzet
84%
2007 Ne le dis à personne François Cluzet
84%
1996 Les Apprentis François Cluzet
84%
1995 Léon Jean Reno
84%
1994 Les Visiteurs Jean Reno
84%
2021 Adieu les cons Albert Dupontel
82%
2018 Au revoir là-haut Albert Dupontel
82%
2014 9 mois ferme Albert Dupontel
82%
2009 Deux Jours à tuer Albert Dupontel
82%
2000 La Maladie de Sachs Albert Dupontel
82%
2025 L'Amour Ouf François Civil
82%
2005 Les Choristes Gérard Jugnot
82%
1992 Une époque formidable Gérard Jugnot
82%
1988 Tandem Gérard Jugnot
82%
2022 BAC Nord Gilles Lellouche
82%
2019 Pupille Gilles Lellouche
82%
2018 Le Sens de la fête Jean-Pierre Bacri
82%
2016 La Vie très privée du monsieur Sim Jean-Pierre Bacri
82%
2013 Cherchez Hortense Jean-Pierre Bacri
82%
2004 Les Sentiments Jean-Pierre Bacri
82%
2001 Le Goût des autres Jean-Pierre Bacri
82%
2000 Kennedy et moi Jean-Pierre Bacri
82%
1984 Tchao Pantin Coluche
81%
2020 La Belle Epoque Daniel Auteuil
81%
2018 Le Brio Daniel Auteuil
81%
2005 36, quai des Orfèvres Daniel Auteuil
81%
2004 Après vous Daniel Auteuil
81%
2003 L'adversaire Daniel Auteuil
81%
2000 La Fille sur le pont Daniel Auteuil
81%
1998 Le Bossu Daniel Auteuil
81%
1997 Le Huitième Jour Daniel Auteuil
81%
1995 La Séparation Daniel Auteuil
81%
1994 Ma saison préférée Daniel Auteuil
81%
1993 Un coeur en hiver Daniel Auteuil
81%
1991 Lacenaire Daniel Auteuil
81%
1989 Quelques jours avec moi Daniel Auteuil
81%
1987 Jean de Florette et Manon des sources Daniel Auteuil
81%
1999 Le Dîner de cons Jacques Villeret
79%
2013 Le Prénom Patrick Bruel
79%
2023 Pacifiction : Tourment sur les Îles Benoît Magimel
77%
2022 De son vivant Benoît Magimel
77%
2004 Chouchou Gad Elmaleh
77%
2017 Juste la fin du monde Gaspard Ulliel
76%
2015 Saint Laurent Gaspard Ulliel
76%
2021 De Gaulle Lambert Wilson
76%
2011 Des hommes et des dieux Lambert Wilson
76%
1990 Hiver 54, l'abbé Pierre Lambert Wilson
76%
1986 Rendez-vous Lambert Wilson
76%
2003 Le Pianiste Adrien Brody
74%
2006 Entre ses mains Benoît Poelvoorde
74%
2005 Podium Benoît Poelvoorde
74%
2014 Les Garçons et Guillaume, à table ! Guillaume Gallienne
74%
2016 La Loi du marché Vincent Lindon
74%
2013 Quelques heures de printemps Vincent Lindon
74%
2010 Welcome Vincent Lindon
74%
2008 Ceux qui restent Vincent Lindon
74%
2000 Ma petite entreprise Vincent Lindon
74%
1993 La Crise Vincent Lindon
74%
2016 Les Cowboys François Damiens
73%
2015 La Famille Bélier François Damiens
73%
1996 Nelly et Monsieur Arnaud Michel Serrault
73%
1991 Docteur Petiot Michel Serrault
73%
1986 On ne meurt que deux fois Michel Serrault
73%
1984 Mortelle randonnée Michel Serrault
73%
1982 Garde à vue Michel Serrault
73%
1981 La Cage aux folles 2 Michel Serrault
73%
1979 La Cage aux folles Michel Serrault
73%
1985 Notre histoire Alain Delon
71%
1978 Mort d'un pourri Alain Delon
71%
1977 Monsieur Klein Alain Delon
71%
2008 Les Témoins Michel Blanc
71%
2007 Je vous trouve très beau Michel Blanc
71%
1990 Monsieur Hire Michel Blanc
71%
1987 Tenue de soirée Michel Blanc
71%
2019 Amanda Vincent Lacoste
71%
2015 Hippocrate Vincent Lacoste
71%
1989 Itinéraire d'un enfant gâté Jean-Paul Belmondo
69%
1990 La Vie et rien d'autre Philippe Noiret
69%
1985 Les Ripoux Philippe Noiret
69%
1982 Coup de tourchon Philippe Noiret
69%
1981 Pile ou face Philippe Noiret
69%
1976 Le Vieux Fusil Philippe Noiret
69%
1986 Subway Christophe Lambert
68%
2013 Amour Jean-Louis Trintignant
68%
1996 Fiesta Jean-Louis Trintignant
68%
1995 Trois couleurs : Rouge Jean-Louis Trintignant
68%
1982 Beau-père Patrick Dewaere
68%
1981 Un mauvais fils Patrick Dewaere
68%
1980 Série noire Patrick Dewaere
68%
1978 Le Juge Fayard dit "le Shériff" Patrick Dewaere
68%
1977 La Meilleure Façon de marcher Patrick Dewaere
68%
2020 Roubaix, une lumière Roschdy Zem
68%
1998 On connaît la chanson André Dussollier
66%
1987 Mélo André Dussollier
66%
2017 Ma Loute Fabrice Luchini
66%
2016 L'Hermine Fabrice Luchini
66%
2014 Alceste à bicyclette Fabrice Luchini
66%
2013 Dans la maison Fabrice Luchini
66%
1997 Beaumarchais, l'insolent Fabrice Luchini
66%
1991 La Discrète Fabrice Luchini
66%
1991 Le Mari de la coiffeuse Jean Rochefort
66%
1988 Tandem Jean Rochefort
66%
1980 Courage fuyons Jean Rochefort
66%
1978 Crabe-tambour Jean Rochefort
66%
1998 Le Cousin Patrick Timsit
66%
1997 Pédale douce Patrick Timsit
66%
2002 C'est la vie Jacques Dutronc
65%
1992 Van Gogh Jacques Dutronc
65%
2024 Yannick Raphaël Quenard
65%
1984 Garçon ! Yves Montand
65%
1980 I ... comme Icare Yves Montand
65%
1984 L'Eté meurtrier Alain Souchon
63%
2025 En Fanfare Benjamin Lavernhe
63%
2024 L'Abbé Pierre : Une vie de combats Benjamin Lavernhe
63%
2013 Cloclo Jérémie Renier
63%
1995 Le Fils préféré Gérard Lanvin
61%
1983 Tir groupé Gérard Lanvin
61%
2025 Le Roman de Jim Karim Leklou
61%
1992 La Belle Noiseuse Michel Piccoli
61%
1991 Milou en mai Michel Piccoli
61%
1985 La Diagonale du fou Michel Piccoli
61%
1982 Une étrange affaire Michel Piccoli
61%
1990 Nocturne indien Jean-Hugues Anglade
60%
1987 37°2 le matin Jean-Hugues Anglade
60%
1989 Itinéraire d'un enfant gâté Richard Anconina
60%
2002 Tanguy André Dussolier
58%
2003 Amen. Mathieu Kassovitz
58%
1994 Smoking/No smoking Pierre Arditi
58%
1993 Le Souper Claude Rich
56%
2011 Gainsbourg (vie héroïque) Eric Elmosnino
56%
1989 Le Grand Bleu Jean-Marc Barr
56%
1983 Les Misérables Lino Ventura
56%
1977 Le Juge et l'Assassin Michel Galabru
56%
1983 La Balance Philippe Léotard
56%
2022 La Fracture Pio Marmaï
56%
2019 En liberté ! Pio Marmaï
56%
2020 Hors Normes Reda Kateb
56%
2018 Django Reda Kateb
56%
2019 Guy Alex Lutz
55%
2008 Faut que ça danse ! Jean-Pierre Marielle
55%
1992 Tous les matins du monde Jean-Pierre Marielle
55%
1976 Les Galettes de Pont-Aven Jean-Pierre Marielle
55%
2023 L'Innocent Louis Garrel
55%
2018 Le Redoutable Louis Garrel
55%
2014 Renoir Michel Bouquet
55%
2006 Le Promeneur du Champ-de-Mars Michel Bouquet
55%
2002 Comment j'ai tué mon père Michel Bouquet
55%
2011 Le Nom des gens Jacques Gamblin
53%
2009 Le Premier Jour du reste de ta vie Jacques Gamblin
53%
2012 Présumé Coupable Philippe Torreton
53%
2005 L'Equipier Philippe Torreton
53%
2000 Ca commence aujourd'hui Philippe Torreton
53%
1997 Capitaine Conan Philippe Torreton
53%
1988 Le Grand Chemin Richard Bohringer
53%
2006 Le Couperet José Garcia
52%
2004 Monsieur Ibrahim et les Fleurs du Coran Omar Sharif
52%
2001 Harry, un ami qui vous veut du bien Sergi Lopez
52%
1993 Le Souper Claude Brasseur
50%
1980 La Guerre des polices Claude Brasseur
50%
1979 Une histoire simple Claude Brasseur
50%
2023 Peter von Kant Denis Ménochet
48%
2019 Jusqu'à la garde Denis Ménochet
48%
2009 Coluche : L'Histoire d'un mec François-Xavier Demaison
48%
2008 Dialogue avec mon jardinier Jean-Pierre Darroussin
48%
1999 Le Poulpe Jean-Pierre Darroussin
48%
2024 L'Amour et les forêts Melvil Poupaud
48%
2020 Grâce à Dieu Melvil Poupaud
48%
2018 Petit paysan Swann Arlaud
48%
2003 Se souvenir des belles choses Bernard Campan
47%
2003 Mon idole François Berléand
47%
2014 La Vénus à la fourrure Mathieu Amalric
47%
2008 Le Scaphandre et le Papillon Mathieu Amalric
47%
2005 Rois et Reine Mathieu Amalric
47%
2015 Diplomatie Niels Arestrup
47%
2021 Un fils Sami Bouajila
47%
2012 Omar m'a tuer Sami Bouajila
47%
2012 La Conquête Denis Podalydès
45%
1988 Miss Mona Jean Carmet
45%
1979 Le Sucre Jean Carmet
45%
1993 Le petit prince a dit Richard Berry
45%
1999 L'homme est une femme comme les autres Antoine de Caunes
44%
2001 Une affaire de goût Bernard Giraudeau
44%
2023 Chronique d'une liaison passagère Vincent Macaigne
44%
2022 Médecin de nuit Vincent Macaigne
44%
2001 Destinées sentimentales Charles Berling
42%
1999 L'Ennui Charles Berling
42%
1998 Nettoyage à sec Charles Berling
42%
1997 Ridicule Charles Berling
42%
2010 Rapt Yvan Attal
42%
1978 L'Homme qui aimait les femmes Charles Denner
40%
1994 Le Nombril du monde Michel Boujenah
40%
2019 Mademoiselle de Joncquières Edouard Baer
39%
2014 Mon âme par toi guérie Grégory Gadebois
39%
1976 Cousin, Cousine Victor Lanoux
39%
2014 Michael Kohlhaas Mads Mikkelsen
37%
2012 L'Exercice de l'Etat Olivier Gourmet
37%
2022 Annette Adam Driver
35%
1992 Hors la vie Hippolyte Girardot
35%
1990 Un monde sans pitié Hippolyte Girardot
35%
2013 Holy Motors Denis Lavant
34%
1988 De guerre lasse Christophe Malavoy
31%
1987 La Femme de ma vie Christophe Malavoy
31%
2002 La Chambre des officiers Eric Caravaca
31%
2021 Enorme Joanthan Cohen
31%
2006 Je ne suis là pour être aimé Patrick Chesnais
31%
1986 Escalier C Robin Renucci
31%
1985 Un dimanche à la campagne Louis Ducreux
29%
2021 Les Choses qu'on dit, les Chose qu'on fait Niels Schneider
27%
2017 Je ne suis pas un salaud Nicolas Duvauchelle
26%
2001 La Confusion des genres Pascal Greggory
23%
1999 Ceux qui m'aiment prendront le train Pascal Greggory
23%
2024 Le Procès Goldman Arieh Worthalter
21%
2004 Son frère Bruno Todeschini
21%
2022 Les Intranquilles Damien Bonnard
21%
2020 Les Misérables Damien Bonnard
21%
2017 Le Fils de Jean Pierre Deladonchamps
21%
2016 Dheepan Antonythasan Jesuthasan
15%
Aucun quiz correspondant
Distribution des résultats
% des personnes avec chaque résultat
Percentile par nombre de réponses
Votre historique - résultats
Vous n’avez pas pris ce quiz depuis la dernière actualisation